Statistics for Intro - Ariana Grande (my everything)

Click here to take the quiz!

General Stats

  • This quiz has been taken 19 times
  • The average score is 33 of 43

Answer Stats

Answer% Correct
i
93%
i
93%
i
93%
i
93%
i
93%
you
93%
you
93%
you
93%
you
93%
you
93%
and
86%
and
86%
and
86%
me
86%
me
86%
me
86%
have
79%
love
79%
oh
79%
all
71%
back
71%
don't
71%
every
71%
give
71%
i'll
71%
look
71%
night
71%
nothing
71%
promise
71%
promise
71%
promise
71%
the
71%
this
71%
to
71%
want
71%
with
71%
just
64%
less
64%
on
64%
road
64%
shining
64%
sky
64%
we'll
57%

Score Distribution

Percentile by Number Answered

Percent of People with Each Score

Your Score History

You have not taken this quiz